| 000 | 00931cam a22002413a 4500 | ||
|---|---|---|---|
| 001 | 18135 | ||
| 003 | PGUSA | ||
| 005 | 20140828083403.0 | ||
| 008 | 060409s2006||||xxu|||||s|||||000 e eng d | ||
| 040 |
_aPGUSA _beng |
||
| 042 | _adc | ||
| 050 | 4 | _aPR | |
| 100 | 1 |
_aSmith, Alexander, _d1830-1867 |
|
| 245 | 1 | 0 |
_aDreamthorp : _bA Book of Essays Written in the Country _h[electronic resource] / _cAlexander Smith |
| 260 |
_bProject Gutenberg, _c2006 |
||
| 505 | 0 | _aDreamthorp -- On the Writing of Essays -- Of Death and the Fear of Dying -- William Dunbar -- A Lark's Flight -- Christmas -- Men of Letters -- On the Importance of a Man to Himself -- A Shelf in My Bookcase -- Geoffrey Chaucer -- Books and Gardens -- On Vagabonds. | |
| 506 | _aPublic domain in the USA. | ||
| 516 | _aElectronic text | ||
| 653 | _aEssays | ||
| 830 | 0 |
_aProject Gutenberg _v18135 |
|
| 856 | 4 | 0 | _uhttp://www.gutenberg.org/ebooks/18135 |
| 942 | _cEB | ||
| 999 |
_c247390 _d247390 |
||